101 extraordinary investments : (Record no. 18740)
[ view plain ]
| 000 -LEADER | |
|---|---|
| fixed length control field | 00945pam a2200253 a 4500 |
| 001 - CONTROL NUMBER | |
| control field | 015434207 |
| 003 - CONTROL NUMBER IDENTIFIER | |
| control field | OSt |
| 005 - DATE AND TIME OF LATEST TRANSACTION | |
| control field | 20141209155545.0 |
| 008 - FIXED-LENGTH DATA ELEMENTS--GENERAL INFORMATION | |
| fixed length control field | 091124s2009 xxke fr 000 0 eng d |
| 020 ## - INTERNATIONAL STANDARD BOOK NUMBER | |
| International Standard Book Number | 9781906659257 (cased) |
| 020 ## - INTERNATIONAL STANDARD BOOK NUMBER | |
| International Standard Book Number | 1906659257 (cased) |
| 040 ## - CATALOGING SOURCE | |
| Original cataloging agency | StDuBDS |
| Language of cataloging | eng |
| Transcribing agency | StDuBDS |
| Modifying agency | Uk |
| -- | EG-ScBUE |
| 082 00 - DEWEY DECIMAL CLASSIFICATION NUMBER | |
| Classification number | 332.63 |
| Edition number | 22 |
| Item number | WAL |
| 100 1# - MAIN ENTRY--PERSONAL NAME | |
| Personal name | Walne, Toby |
| 9 (RLIN) | 36842 |
| 245 10 - TITLE STATEMENT | |
| Title | 101 extraordinary investments : |
| Remainder of title | curious, unusual and bizarre ways to make money : a handbook for the adventurous collector / |
| Statement of responsibility, etc | discovered and explored by Toby Walne. |
| 246 3# - VARYING FORM OF TITLE | |
| Title proper/short title | One hundred and one extraordinary investments |
| 246 3# - VARYING FORM OF TITLE | |
| Title proper/short title | Hundred and one extraordinary investments |
| 260 ## - PUBLICATION, DISTRIBUTION, ETC. (IMPRINT) | |
| Place of publication, distribution, etc | Hampshire, United Kingdom : |
| Name of publisher, distributor, etc | Harriman House LTD, |
| Date of publication, distribution, etc | 2009. |
| 300 ## - PHYSICAL DESCRIPTION | |
| Extent | xi, 306 p. : |
| Other physical details | plans ; |
| Dimensions | 22 cm. |
| 650 #0 - SUBJECT ADDED ENTRY--TOPICAL TERM | |
| Topical term or geographic name as entry element | Collectibles as an investment |
| 9 (RLIN) | 36843 |
| 653 ## - INDEX TERM--UNCONTROLLED | |
| Resource For college | BAEPS, Business Administration |
| Arrived date list | December2014 |
| 655 ## - INDEX TERM--GENRE/FORM | |
| Form subdivision | |
| -- | 34232 |
| 942 ## - ADDED ENTRY ELEMENTS (KOHA) | |
| Source of classification or shelving scheme | Dewey Decimal Classification |
| Call number prefix | 332.63 WAL |
| Withdrawn status | Item status | Source of classification or shelving scheme | Damaged status | Not for loan | Vendor | Home library | Current library | Shelving location | Date acquired | Source of acquisition | Cost, normal purchase price | Serial Enumeration / chronology | Total Checkouts | Full call number | Barcode | Date last seen | Cost, replacement price | Koha item type |
|---|---|---|---|---|---|---|---|---|---|---|---|---|---|---|---|---|---|---|
| Dewey Decimal Classification | Baccah | Central Library | Central Library | First floor | 09/12/2014 | 118.00 | 20677 | 332.63 WAL | 000037134 | 15/07/2025 | 147.50 | Book - Borrowing |